[Event "Bulgaria tch 2005"]
[Site "Sunny Beach BUL"]
[Date "2005.09.29"]
[Round "4.3"]
[White "Georgiev, Krum"]
[Black "Dolmadjan, Arshak"]
[Result "1-0"]
[WhiteElo "2468"]
[BlackElo "2322"]
[PlyCount "35"]
[EventDate "2005.09.26"]
[EventType "team"]
[EventRounds "7"]
[EventCountry "BUL"]
[Source "lmi"]
[SourceDate "2005.10.02"]

1. e4 e5 2. Nf3 Nc6 3. Bb5 Nf6 4. Qe2 d6 5. d4 Bd7 6. Bxc6 Bxc6 7. Nc3 exd4 8.
Nxd4 Be7 9. Nf5 g6 10. Nd4 O-O 11. Bh6 Re8 12. O-O-O Bxe4 13. Nxe4 Nxe4 14.
Qxe4 Bg5+ 15. Bxg5 Qxg5+ 16. f4 Qa5 17. Qxb7 Rab8 18. Nc6 1-0

[Event "Bulgaria tch 2005"]
[Site "Sunny Beach BUL"]
[Date "2005.09.29"]
[Round "4.3"]
[White "Cheparinov, Nedelcho"]
[Black "Velikov, Petar"]
[Result "0-1"]
[WhiteElo "2216"]
[BlackElo "2422"]
[PlyCount "93"]
[EventDate "2005.09.26"]
[EventType "team"]
[EventRounds "7"]
[EventCountry "BUL"]
[Source "lmi"]
[SourceDate "2005.10.02"]

1. d4 d6 2. e4 c6 3. a4 Nf6 4. Nc3 Qa5 5. Bd3 e5 6. Nge2 Be7 7. Bd2 Qc7 8. h3
Nbd7 9. O-O O-O 10. Kh1 Re8 11. f4 Bf8 12. Qe1 exd4 13. Nxd4 Nc5 14. b4 Nxd3
15. cxd3 Qd8 16. Rb1 a5 17. b5 c5 18. Nde2 c4 19. Qg3 cxd3 20. Qxd3 Nd7 21. Be3
Nc5 22. Bxc5 dxc5 23. Nd5 Be6 24. Nec3 Rc8 25. Qc4 Qh4 26. Rf3 Kh8 27. f5 Bxd5
28. Qxd5 Qe7 29. f6 gxf6 30. Qh5 Qe5 31. Qxf7 Rc7 32. Qd5 Bd6 33. Qxe5 Bxe5 34.
Nd5 Rd7 35. Rbf1 Kg7 36. g4 Bd4 37. Rf4 h6 38. Kg2 c4 39. Kf3 c3 40. Rc1 Rc8
41. Ke2 Rc4 42. Ne3 Rxa4 43. Nf5+ Kg6 44. Nxd4 Rdxd4 45. Rxc3 Rxe4+ 46. Rxe4
Rxe4+ 47. Kd3 0-1

[Event "Bulgaria tch 2005"]
[Site "Sunny Beach BUL"]
[Date "2005.09.29"]
[Round "4.3"]
[White "Ilchev, Dimitar"]
[Black "Ivanov, Jordan"]
[Result "1/2-1/2"]
[WhiteElo "2019"]
[BlackElo "2347"]
[PlyCount "28"]
[EventDate "2005.09.26"]
[EventType "team"]
[EventRounds "7"]
[EventCountry "BUL"]
[Source "lmi"]
[SourceDate "2005.10.02"]

1. c4 e5 2. Nc3 Nc6 3. Nf3 g6 4. d4 exd4 5. Nxd4 Bg7 6. Nxc6 bxc6 7. Qd2 Ne7 8.
g3 d5 9. cxd5 cxd5 10. Bg2 Be6 11. O-O Qd7 12. Rd1 Rd8 13. Qc2 O-O 14. Bg5 f6
1/2-1/2

[Event "Bulgaria tch 2005"]
[Site "Sunny Beach BUL"]
[Date "2005.09.30"]
[Round "5.1"]
[White "Delchev, Aleksander"]
[Black "Dimitrov, Vladimir"]
[Result "1-0"]
[WhiteElo "2656"]
[BlackElo "2418"]
[PlyCount "59"]
[EventDate "2005.09.26"]
[EventType "team"]
[EventRounds "7"]
[EventCountry "BUL"]
[Source "lmi"]
[SourceDate "2005.10.02"]

1. e4 c5 2. Nf3 e6 3. d4 cxd4 4. Nxd4 Nc6 5. Nc3 Qc7 6. Be2 a6 7. O-O Nf6 8.
Be3 d6 9. f4 Be7 10. a4 O-O 11. Kh1 Re8 12. Bf3 Na5 13. g4 Bf8 14. g5 Nd7 15.
Bg2 b6 16. Rf3 Nc4 17. Bc1 Bb7 18. Rh3 g6 19. b3 Na5 20. Bb2 Rac8 21. Qd2 Bg7
22. Rd1 Nc5 23. Qf2 Qe7 24. Qh4 h5 25. Ba1 Nc6 26. Nd5 exd5 27. Nf5 gxf5 28.
Bxg7 Nxe4 29. Bf6 Qe6 30. Qxh5 1-0

[Event "Bulgaria tch 2005"]
[Site "Sunny Beach BUL"]
[Date "2005.09.30"]
[Round "5.1"]
[White "Radulski, Julian"]
[Black "Petkov, Vladimir"]
[Result "0-1"]
[WhiteElo "2502"]
[BlackElo "2475"]
[PlyCount "70"]
[EventDate "2005.09.26"]
[EventType "team"]
[EventRounds "7"]
[EventCountry "BUL"]
[Source "lmi"]
[SourceDate "2005.10.02"]

1. d4 Nf6 2. Nf3 e6 3. e3 b6 4. Bd3 Bb7 5. O-O d5 6. b3 Bd6 7. Bb2 O-O 8. c4
Qe7 9. Nc3 a6 10. Ne5 Nbd7 11. f4 Rfd8 12. Qc2 Nf8 13. Rac1 c5 14. Na4 Bc7 15.
dxc5 dxc4 16. Nxc4 b5 17. c6 Bxc6 18. Ne5 Bxe5 19. fxe5 Nd5 20. Qxc6 bxa4 21.
Be4 axb3 22. axb3 Rab8 23. Bd4 Rxb3 24. Rf3 Qb7 25. Qc2 a5 26. Rcf1 Rd7 27. Qe2
Qb5 28. Qf2 Qb7 29. Qh4 Qc7 30. Bxh7+ Nxh7 31. Rh3 Qc2 32. Rg3 Rb1 33. Qg4
Rxf1+ 34. Kxf1 g6 35. Qh4 Nxe3+ 0-1

[Event "Bulgaria tch 2005"]
[Site "Sunny Beach BUL"]
[Date "2005.09.30"]
[Round "5.1"]
[White "Genov, Petar"]
[Black "Ninov, Nikolai"]
[Result "1/2-1/2"]
[WhiteElo "2469"]
[BlackElo "2493"]
[PlyCount "21"]
[EventDate "2005.09.26"]
[EventType "team"]
[EventRounds "7"]
[EventCountry "BUL"]
[Source "lmi"]
[SourceDate "2005.10.02"]

1. d4 d5 2. c4 dxc4 3. Nf3 Nf6 4. e3 e6 5. Bxc4 c5 6. O-O a6 7. a4 Nc6 8. Qe2
Qc7 9. Nc3 Bd6 10. Rd1 O-O 11. dxc5 1/2-1/2

[Event "Bulgaria tch 2005"]
[Site "Sunny Beach BUL"]
[Date "2005.09.30"]
[Round "5.1"]
[White "Bratanov, Zsivko"]
[Black "Petrov, Marijan"]
[Result "1-0"]
[WhiteElo "2408"]
[BlackElo "2406"]
[PlyCount "125"]
[EventDate "2005.09.26"]
[EventType "team"]
[EventRounds "7"]
[EventCountry "BUL"]
[Source "lmi"]
[SourceDate "2005.10.02"]

1. d4 d6 2. e4 Nf6 3. Nc3 g6 4. f4 Bg7 5. Nf3 O-O 6. Bd3 Na6 7. O-O c5 8. d5
Nc7 9. Qe1 Bd7 10. Qh4 b5 11. a3 a5 12. f5 c4 13. Be2 gxf5 14. Bh6 b4 15. Ng5
bxc3 16. Rf3 cxb2 17. Raf1 Ncxd5 18. Nxh7 Nxe4 19. Bxg7 Qb6+ 20. Kh1 Kxg7 21.
Rh3 Qe3 22. Nxf8 Nf2+ 23. Rxf2 b1=Q+ 24. Rf1 Qxh3 25. gxh3 Qxf1+ 26. Bxf1 Rxf8
27. Qg5+ Kh7 28. Bxc4 Nf6 29. Qh4+ Kg7 30. Kg1 Rh8 31. Qg3+ Kf8 32. Qc3 a4 33.
Kf1 f4 34. Qd4 Bxh3+ 35. Ke1 f3 36. Qf4 Bg4 37. Bf1 Rh5 38. Qxa4 Rxh2 39. Qf4
Rh5 40. Bd3 Re5+ 41. Kd2 Bh5 42. a4 Kg7 43. Qg3+ Kh6 44. Qf4+ Kg7 45. Qg3+ Bg4
46. Qf4 Rh5 47. Qd4 Rh2+ 48. Ke3 f2 49. Bf1 Bf5 50. a5 e5 51. Qxd6 Ng4+ 52. Ke2
Be6 53. Qc7 Rh8 54. Kd2 Rc8 55. Qe7 e4 56. a6 e3+ 57. Kc1 Nf6 58. a7 Nd5 59.
Qb7 Nc7 60. Bd3 Na8 61. Qf3 Bc4 62. Qg4+ Kh6 63. Bxc4 1-0

[Event "Bulgaria tch 2005"]
[Site "Sunny Beach BUL"]
[Date "2005.09.30"]
[Round "5.1"]
[White "Drenchev, Petar"]
[Black "Kozhuharov, Spas"]
[Result "0-1"]
[WhiteElo "2412"]
[BlackElo "2391"]
[PlyCount "124"]
[EventDate "2005.09.26"]
[EventType "team"]
[EventRounds "7"]
[EventCountry "BUL"]
[Source "lmi"]
[SourceDate "2005.10.02"]

1. e4 c5 2. Nf3 Nc6 3. Bb5 d6 4. d4 cxd4 5. Qxd4 Bd7 6. Bxc6 Bxc6 7. Nc3 Nf6 8.
Bg5 e6 9. O-O-O Be7 10. Qd3 Qa5 11. Kb1 O-O 12. h4 Rfc8 13. Nd4 Rab8 14. f3 b5
15. g4 b4 16. Nce2 Ba4 17. b3 Be8 18. Bc1 g6 19. h5 e5 20. hxg6 exd4 21. gxh7+
Kh8 22. Nxd4 Nd7 23. Bh6 Bf8 24. Bxf8 Nxf8 25. Nf5 Ng6 26. Qxd6 Qe5 27. Qxe5+
Nxe5 28. f4 Ng6 29. Nd6 Rc7 30. f5 Ne5 31. Nxe8 Rxe8 32. g5 Ng4 33. Rd4 a5 34.
Rd5 Nf2 35. Rh5 Rce7 36. Rxa5 Rxe4 37. a3 Re1+ 38. Ka2 Rc8 39. Kb2 Re2 40. axb4
Rcxc2+ 41. Kb1 Rc8 42. Rc5 Rd8 43. g6 Nd3 44. g7+ Kxg7 45. h8=Q+ Rxh8 46. f6+
Kxf6 47. Rc6+ Kg7 48. Rg5+ Kf8 49. Rc8+ Re8 50. Rxe8+ Kxe8 51. b5 Ke7 52. Kc2
Kf6 53. Rg1 Ne5 54. Kc3 Ke6 55. Kb4 f5 56. b6 Rb8 57. Kb5 Nd7 58. Re1+ Kf6 59.
Kc6 Rxb6+ 60. Kxd7 Rxb3 61. Kd6 Rd3+ 62. Kc5 f4 0-1

[Event "Bulgaria tch 2005"]
[Site "Sunny Beach BUL"]
[Date "2005.09.30"]
[Round "5.1"]
[White "Grigorov, Grigor"]
[Black "Popov, Luben"]
[Result "1-0"]
[WhiteElo "2400"]
[BlackElo "2313"]
[PlyCount "69"]
[EventDate "2005.09.26"]
[EventType "team"]
[EventRounds "7"]
[EventCountry "BUL"]
[Source "lmi"]
[SourceDate "2005.10.02"]

1. d4 Nf6 2. c4 c5 3. d5 e5 4. Nc3 d6 5. e4 Be7 6. g3 O-O 7. Bg2 Nbd7 8. Nge2
Ne8 9. O-O g6 10. Bh6 Ng7 11. Qd2 Nf6 12. h3 Kh8 13. Rae1 Ng8 14. Be3 f5 15. f4
Bf6 16. Kh2 b6 17. a3 a6 18. fxe5 Bxe5 19. Nf4 fxe4 20. Nxe4 Nf5 21. Bf2 Ra7
22. Nd3 Bg7 23. g4 Nd4 24. Bg3 Rxf1 25. Rxf1 Bf8 26. Qf2 Be7 27. Ne5 Nh6 28.
Qd2 Bf8 29. Nc6 Nxc6 30. dxc6 Nf7 31. Qd5 Qe7 32. Nxd6 Be6 33. Nxf7+ Kg8 34.
Qe5 Bxf7 35. Rxf7 1-0

[Event "Bulgaria tch 2005"]
[Site "Sunny Beach BUL"]
[Date "2005.09.30"]
[Round "5.2"]
[White "Georgiev, Krum"]
[Black "Savchenko, Stanislav"]
[Result "1/2-1/2"]
[WhiteElo "2468"]
[BlackElo "2506"]
[PlyCount "36"]
[EventDate "2005.09.26"]
[EventType "team"]
[EventRounds "7"]
[EventCountry "BUL"]
[Source "lmi"]
[SourceDate "2005.10.02"]

1. e4 c5 2. Nf3 d6 3. Bb5+ Bd7 4. Bxd7+ Qxd7 5. O-O Nc6 6. c3 Nf6 7. Re1 e6 8.
d4 cxd4 9. cxd4 d5 10. e5 Ne4 11. Nbd2 Nxd2 12. Bxd2 Be7 13. Rc1 O-O 14. a3
Rac8 15. Re3 a6 16. Rec3 Na7 17. h3 Rxc3 18. Rxc3 Rc8 1/2-1/2

[Event "Bulgaria tch 2005"]
[Site "Sunny Beach BUL"]
[Date "2005.09.30"]
[Round "5.2"]
[White "Lukov, Valentin"]
[Black "Bojkov, Dejan"]
[Result "1/2-1/2"]
[WhiteElo "2439"]
[BlackElo "2522"]
[PlyCount "35"]
[EventDate "2005.09.26"]
[EventType "team"]
[EventRounds "7"]
[EventCountry "BUL"]
[Source "lmi"]
[SourceDate "2005.10.02"]

1. Nf3 Nf6 2. c4 g6 3. Nc3 Bg7 4. d4 O-O 5. e4 d6 6. Be2 e5 7. dxe5 dxe5 8.
Qxd8 Rxd8 9. Bg5 Re8 10. Nd5 Nxd5 11. cxd5 c6 12. Bc4 cxd5 13. Bxd5 Na6 14.
O-O-O Nc7 15. Bb3 Be6 16. Kb1 Bxb3 17. axb3 Ne6 18. Be3 1/2-1/2

[Event "Bulgaria tch 2005"]
[Site "Sunny Beach BUL"]
[Date "2005.09.30"]
[Round "5.2"]
[White "Janev, Evgeni"]
[Black "Ivanov, Jordan"]
[Result "1-0"]
[WhiteElo "2460"]
[BlackElo "2347"]
[PlyCount "51"]
[EventDate "2005.09.26"]
[EventType "team"]
[EventRounds "7"]
[EventCountry "BUL"]
[Source "lmi"]
[SourceDate "2005.10.02"]

1. e4 c5 2. Nf3 e6 3. Qe2 Nc6 4. g3 g6 5. Bg2 Bg7 6. O-O Nge7 7. c3 O-O 8. d3
d6 9. Be3 e5 10. Qd2 b6 11. Na3 Ba6 12. b4 Bb7 13. Rfe1 Rc8 14. Rab1 cxb4 15.
cxb4 d5 16. Qb2 d4 17. Bd2 Qd7 18. b5 Nd8 19. Nc4 f6 20. Bb4 Nf7 21. Qa3 Rc7
22. Nfd2 Re8 23. Bf3 Bf8 24. Qxa7 Ra8 25. Qxb6 Kg7 26. Nb3 1-0

[Event "Bulgaria tch 2005"]
[Site "Sunny Beach BUL"]
[Date "2005.09.30"]
[Round "5.2"]
[White "Mollov, Ergin"]
[Black "Iotov, Valentin"]
[Result "1/2-1/2"]
[WhiteElo "2422"]
[BlackElo "2447"]
[PlyCount "51"]
[EventDate "2005.09.26"]
[EventType "team"]
[EventRounds "7"]
[EventCountry "BUL"]
[Source "lmi"]
[SourceDate "2005.10.02"]

1. d4 Nf6 2. c4 e6 3. Nf3 b6 4. g3 Ba6 5. b3 Bb7 6. Bg2 Bb4+ 7. Bd2 a5 8. O-O
O-O 9. Nc3 d6 10. Qc2 Nbd7 11. Rad1 Bxc3 12. Bxc3 Be4 13. Qc1 Qb8 14. Ne1 Bxg2
15. Nxg2 c6 16. Qf4 d5 17. Bb2 b5 18. cxd5 cxd5 19. Rc1 Qxf4 20. Nxf4 Rfc8 21.
f3 Kf8 22. Kf2 Ke7 23. Rxc8 Rxc8 24. Rc1 Rxc1 25. Bxc1 Kd6 26. Ke3 1/2-1/2

[Event "Bulgaria tch 2005"]
[Site "Sunny Beach BUL"]
[Date "2005.09.30"]
[Round "5.2"]
[White "Vasilev, Milen"]
[Black "Todorov, Ognjan"]
[Result "1-0"]
[WhiteElo "2419"]
[BlackElo "2335"]
[PlyCount "41"]
[EventDate "2005.09.26"]
[EventType "team"]
[EventRounds "7"]
[EventCountry "BUL"]
[Source "lmi"]
[SourceDate "2005.10.02"]

1. d4 Nf6 2. c4 e6 3. Nc3 Bb4 4. g3 O-O 5. Bg2 d5 6. Nf3 dxc4 7. O-O Nc6 8. Qa4
Nd5 9. Qc2 Nb6 10. Rd1 h6 11. e4 Bd7 12. Be3 Bxc3 13. bxc3 Qf6 14. Bf4 Rac8 15.
Rd2 Rfd8 16. e5 Qe7 17. Re2 Nd5 18. Bd2 Na5 19. Re4 c5 20. Rg4 Kh8 21. Ng5 1-0

[Event "Bulgaria tch 2005"]
[Site "Sunny Beach BUL"]
[Date "2005.09.30"]
[Round "5.3"]
[White "Janachkov, Angel"]
[Black "Bojchev, Marian"]
[Result "1/2-1/2"]
[WhiteElo "2230"]
[BlackElo "2240"]
[PlyCount "32"]
[EventDate "2005.09.26"]
[EventType "team"]
[EventRounds "7"]
[EventCountry "BUL"]
[Source "lmi"]
[SourceDate "2005.10.02"]

1. g3 c5 2. Bg2 Nc6 3. Nf3 g6 4. O-O Bg7 5. d3 d5 6. e4 d4 7. a4 e5 8. Na3 Nge7
9. c3 dxc3 10. bxc3 O-O 11. Qc2 b6 12. Nd2 Ba6 13. Ndc4 Na5 14. Nxa5 bxa5 15.
Rd1 Rb8 16. Be3 Qc7 1/2-1/2

[Event "Bulgaria tch 2005"]
[Site "Sunny Beach BUL"]
[Date "2005.09.30"]
[Round "5.3"]
[White "Gochev, Mladen"]
[Black "Avramov, Anton"]
[Result "1/2-1/2"]
[WhiteElo "2254"]
[BlackElo "2214"]
[PlyCount "82"]
[EventDate "2005.09.26"]
[EventType "team"]
[EventRounds "7"]
[EventCountry "BUL"]
[Source "lmi"]
[SourceDate "2005.10.02"]

1. d4 Nf6 2. g3 g6 3. Bg2 Bg7 4. e4 d6 5. Nc3 O-O 6. Nge2 e5 7. h3 Nc6 8. Be3
Bd7 9. d5 Ne7 10. f4 exf4 11. gxf4 c6 12. dxc6 Bxc6 13. Qd2 Nf5 14. exf5 Bxg2
15. Rh2 Bc6 16. Nd4 Ne4 17. Nxe4 Bxe4 18. fxg6 hxg6 19. h4 Re8 20. h5 Rc8 21.
hxg6 fxg6 22. c3 Qf6 23. Ne2 Qe6 24. Bd4 Bf3 25. Bxg7 Qxe2+ 26. Rxe2 Rxe2+ 27.
Qxe2 Bxe2 28. Bd4 Bc4 29. b3 Be6 30. Kd2 a6 31. Rh1 Kf8 32. Rh6 Bf7 33. Bf6 Rc5
34. Bg5 Ra5 35. Rh8+ Kg7 36. Rb8 Rxa2+ 37. Kd3 Bxb3 38. Rxb7+ Bf7 39. Rb6 Ra1
40. Kc2 Ra4 41. Kd3 Ra1 1/2-1/2

[Event "Bulgaria tch 2005"]
[Site "Sunny Beach BUL"]
[Date "2005.09.30"]
[Round "5.4"]
[White "Nikolov, Momchil"]
[Black "Arnaudov, G  Petar"]
[Result "1/2-1/2"]
[WhiteElo "2400"]
[BlackElo "2207"]
[PlyCount "117"]
[EventDate "2005.09.26"]
[EventType "team"]
[EventRounds "7"]
[EventCountry "BUL"]
[Source "lmi"]
[SourceDate "2005.10.02"]

1. e4 e5 2. Nf3 Nf6 3. Nc3 Nc6 4. d4 exd4 5. Nxd4 Bb4 6. Nxc6 bxc6 7. Bd3 d5 8.
e5 Ng4 9. O-O O-O 10. Bf4 f6 11. exf6 Qxf6 12. Bg3 Bd6 13. Qd2 Rb8 14. Na4 Rb4
15. b3 Nxh2 16. Bxh2 Bxh2+ 17. Kxh2 Rh4+ 18. Kg1 Qe5 19. f4 Qh5 20. Qe3 Rh1+
21. Kf2 Rh4 22. Be2 Rfxf4+ 23. Bf3 d4 24. Qe7 Ba6 25. Qd8+ Kf7 26. Qxc7+ Kg8
27. Qb8+ Kf7 28. Qxa7+ Kg8 29. Qxa6 Rxf3+ 30. gxf3 Rh2+ 31. Ke1 Qe5+ 32. Kd1 d3
33. Qa8+ Kf7 34. Qa7+ Kg8 35. Rf2 Qxa1+ 36. Kd2 dxc2 37. Qb8+ Kf7 38. Qc7+ Kg8
39. Qd8+ Kf7 40. Qd7+ Kf8 41. Qf5+ Kg8 42. Qe6+ Kf8 43. Qd6+ Kf7 44. Qc7+ Kf8
45. Qf4+ Kg8 46. Qb8+ Kf7 47. Qb7+ Kg8 48. Qb8+ Kf7 49. Qa7+ Kg8 50. Qa8+ Kf7
51. Qb7+ Kg8 52. Qc8+ Kf7 53. Qf5+ Kg8 54. Qe6+ Kf8 55. Qd6+ Kf7 56. Qd7+ Kf8
57. Qd8+ Kf7 58. Qc7+ Kf8 59. Qb8+ 1/2-1/2

[Event "Bulgaria tch 2005"]
[Site "Sunny Beach BUL"]
[Date "2005.09.30"]
[Round "5.4"]
[White "Mishev, Liubomir"]
[Black "Yordanov, Nikolay"]
[Result "1/2-1/2"]
[WhiteElo "2254"]
[BlackElo "2146"]
[PlyCount "48"]
[EventDate "2005.09.26"]
[EventType "team"]
[EventRounds "7"]
[EventCountry "BUL"]
[Source "lmi"]
[SourceDate "2005.10.02"]

1. e4 c5 2. Nf3 Nc6 3. d4 cxd4 4. Nxd4 Nf6 5. Nc3 e5 6. Ndb5 d6 7. Bg5 a6 8.
Bxf6 gxf6 9. Na3 b5 10. Nd5 Bg7 11. c3 f5 12. exf5 Bxf5 13. Nc2 O-O 14. Nce3
Be6 15. Bd3 f5 16. O-O Ra7 17. a4 Ne7 18. Nxe7+ Rxe7 19. axb5 axb5 20. Ra6 d5
21. Bxb5 f4 22. Rxe6 Rxe6 23. Qxd5 Qxd5 24. Nxd5 Kh8 1/2-1/2

[Event "Bulgaria tch 2005"]
[Site "Sunny Beach BUL"]
[Date "2005.10.01"]
[Round "6.1"]
[White "Dimitrov, Vladimir"]
[Black "Dobrev, Nanko"]
[Result "1/2-1/2"]
[WhiteElo "2418"]
[BlackElo "2426"]
[PlyCount "39"]
[EventDate "2005.09.26"]
[EventType "team"]
[EventRounds "7"]
[EventCountry "BUL"]
[Source "lmi"]
[SourceDate "2005.10.02"]

1. c4 e6 2. g3 d5 3. Bg2 Nf6 4. Nf3 Be7 5. O-O O-O 6. d4 dxc4 7. Qc2 a6 8. Qxc4
b5 9. Qc2 Bb7 10. Bd2 Be4 11. Qc1 Nd5 12. a3 Qd6 13. Bf4 Nxf4 14. Qxf4 Qxf4 15.
gxf4 c5 16. Nc3 Bxf3 17. Bxf3 Ra7 18. dxc5 Bxc5 19. Rfd1 Be7 20. a4 1/2-1/2

[Event "Bulgaria tch 2005"]
[Site "Sunny Beach BUL"]
[Date "2005.10.01"]
[Round "6.1"]
[White "Ninov, Nikolai"]
[Black "Gochev, Mladen"]
[Result "1-0"]
[WhiteElo "2493"]
[BlackElo "2254"]
[PlyCount "69"]
[EventDate "2005.09.26"]
[EventType "team"]
[EventRounds "7"]
[EventCountry "BUL"]
[Source "lmi"]
[SourceDate "2005.10.02"]

1. e4 g6 2. d4 Bg7 3. Nc3 b6 4. h4 h5 5. Be3 c6 6. Qd2 d5 7. f3 Nh6 8. O-O-O
Ba6 9. Nh3 dxe4 10. fxe4 Ng4 11. Kb1 O-O 12. e5 c5 13. dxc5 Qxd2 14. Bxd2 Bxf1
15. Rhxf1 e6 16. cxb6 axb6 17. Ne4 Bxe5 18. Bb4 Rc8 19. Nd6 Bxd6 20. Rxd6 Nc6
21. Bd2 Rd8 22. Rxc6 Rxd2 23. Rxb6 Ne3 24. Rc1 Rxg2 25. Ng5 Ra7 26. Rb3 Nf5 27.
Nf3 Rg4 28. c4 Nxh4 29. Nxh4 Rxh4 30. c5 Rha4 31. c6 Rxa2 32. Rbc3 h4 33. c7
Ra1+ 34. Kc2 Rxc1+ 35. Kxc1 1-0

[Event "Bulgaria tch 2005"]
[Site "Sunny Beach BUL"]
[Date "2005.10.01"]
[Round "6.1"]
[White "Panbukchian, Valentin"]
[Black "Kozhuharov, Spas"]
[Result "0-1"]
[WhiteElo "2339"]
[BlackElo "2391"]
[PlyCount "94"]
[EventDate "2005.09.26"]
[EventType "team"]
[EventRounds "7"]
[EventCountry "BUL"]
[Source "lmi"]
[SourceDate "2005.10.02"]

1. e4 c5 2. Nc3 Nc6 3. g3 g6 4. Bg2 Bg7 5. d3 d6 6. Nf3 e5 7. O-O Nge7 8. Nh4
O-O 9. f4 exf4 10. Bxf4 h6 11. Be3 Be6 12. Qd2 Kh7 13. Rf2 b6 14. Nd5 Bxd5 15.
exd5 Ne5 16. h3 Qd7 17. Raf1 Qa4 18. b3 Qd7 19. g4 Ng8 20. c3 Qe7 21. g5 Rae8
22. Bf4 hxg5 23. Bxg5 f6 24. Bf4 f5 25. Nf3 Nxf3+ 26. Bxf3 Bh6 27. Bxh6 Nxh6
28. Re2 Qh4 29. Bg2 Rxe2 30. Qxe2 Rf7 31. Qe6 Qf6 32. Qxf6 Rxf6 33. Re1 Kg7 34.
Kf2 Rf7 35. Bf3 Rd7 36. Re6 Nf7 37. h4 Nd8 38. Re1 Kf6 39. d4 Re7 40. Rd1 Rc7
41. Ke3 Rh7 42. Rh1 Nf7 43. b4 cxb4 44. cxb4 g5 45. hxg5+ Nxg5 46. Bh5 Ne4 47.
Kf4 Nc3 0-1

[Event "Bulgaria tch 2005"]
[Site "Sunny Beach BUL"]
[Date "2005.10.01"]
[Round "6.1"]
[White "Grigorov, Grigor"]
[Black "Kostadinov, Rumen"]
[Result "1-0"]
[WhiteElo "2400"]
[BlackElo "2251"]
[PlyCount "61"]
[EventDate "2005.09.26"]
[EventType "team"]
[EventRounds "7"]
[EventCountry "BUL"]
[Source "lmi"]
[SourceDate "2005.10.02"]

1. d4 g6 2. c4 Bg7 3. e4 d6 4. Nc3 c6 5. Be2 a6 6. Nf3 b5 7. a3 Nf6 8. O-O O-O
9. h3 bxc4 10. Bxc4 d5 11. Bd3 dxe4 12. Nxe4 Nxe4 13. Bxe4 Be6 14. Bg5 Bd5 15.
Re1 Re8 16. Rc1 Nd7 17. Bxd5 cxd5 18. Qb3 Nf6 19. Ne5 Rb8 20. Qf3 Rxb2 21. Nc6
Qd7 22. Nxe7+ Rxe7 23. Rxe7 Qxe7 24. Rc8+ Bf8 25. Qxf6 Rb1+ 26. Kh2 Qxf6 27.
Bxf6 Re1 28. Be5 Rxe5 29. dxe5 Kg7 30. a4 Bb4 31. Rd8 1-0

[Event "Bulgaria tch 2005"]
[Site "Sunny Beach BUL"]
[Date "2005.10.01"]
[Round "6.1"]
[White "Ljangov, Petar"]
[Black "Mladenov, Svetlin"]
[Result "1/2-1/2"]
[WhiteElo "2140"]
[BlackElo "2311"]
[PlyCount "113"]
[EventDate "2005.09.26"]
[EventType "team"]
[EventRounds "7"]
[EventCountry "BUL"]
[Source "lmi"]
[SourceDate "2005.10.02"]

1. Nf3 Nf6 2. b3 g6 3. Bb2 Bg7 4. g3 c5 5. c4 d6 6. Bg2 e5 7. d3 Nc6 8. O-O O-O
9. Nc3 h6 10. e3 Be6 11. Ne2 Qd7 12. d4 exd4 13. exd4 Ne4 14. Rb1 Bg4 15. dxc5
dxc5 16. Qxd7 Bxd7 17. Bxg7 Kxg7 18. Rbd1 Rad8 19. Nd2 Ng5 20. Nf4 Bg4 21. f3
Bf5 22. h4 Ne6 23. Nxe6+ Bxe6 24. Ne4 b6 25. Nc3 Nb4 26. Rfe1 Rfe8 27. Bf1 Nc2
28. Rxd8 Rxd8 29. Rd1 Nd4 30. Kf2 Bd7 31. Ne2 Nxf3 32. Rd5 Nh2 33. Bh3 f5 34.
Nf4 Kf7 35. Rd6 g5 36. hxg5 hxg5 37. Ng6 Re8 38. Rxd7+ Kxg6 39. Rd6+ Kh5 40.
Bxf5 Ng4+ 41. Bxg4+ Kxg4 42. Rd7 Rf8+ 43. Kg2 Rf3 44. Rxa7 Rxg3+ 45. Kf2 Rf3+
46. Kg2 Rc3 47. Kf2 Rc2+ 48. Ke3 Kg3 49. Rb7 g4 50. Rxb6 Rxa2 51. Rb5 Rb2 52.
Rxc5 Rxb3+ 53. Ke4 Kf2 54. Rf5+ Ke2 55. Rg5 g3 56. c5 Rb4+ 57. Kd5 1/2-1/2

[Event "Bulgaria tch 2005"]
[Site "Sunny Beach BUL"]
[Date "2005.10.01"]
[Round "6.2"]
[White "Savchenko, Stanislav"]
[Black "Nikolov, Momchil"]
[Result "1-0"]
[WhiteElo "2506"]
[BlackElo "2400"]
[PlyCount "107"]
[EventDate "2005.09.26"]
[EventType "team"]
[EventRounds "7"]
[EventCountry "BUL"]
[Source "lmi"]
[SourceDate "2005.10.02"]

1. d4 Nf6 2. c4 d6 3. Nf3 g6 4. Nc3 Bg7 5. e4 O-O 6. Be2 e5 7. O-O Nc6 8. d5
Ne7 9. b4 Nh5 10. Re1 a5 11. bxa5 f5 12. Nd2 Nf6 13. c5 Rxa5 14. cxd6 cxd6 15.
a4 Bh6 16. Ba3 Bxd2 17. Qxd2 fxe4 18. Bb5 Bf5 19. h3 h5 20. Rac1 Kg7 21. Nd1
Ra8 22. Ne3 Bc8 23. Qb4 Ne8 24. Bxe8 Rxe8 25. Qxd6 Qxd6 26. Bxd6 Kf6 27. Bxe7+
Kxe7 28. d6+ Ke6 29. Nc4 Bd7 30. Rxe4 Rxa4 31. Rxe5+ Kf6 32. Rc5 Rd8 33. Rd1
Ra6 34. Rd4 Rc6 35. Rf4+ Kg7 36. Re5 Re8 37. Rxe8 Bxe8 38. Rd4 Kf6 39. Na5 Rc1+
40. Kh2 Bd7 41. Nxb7 Ke5 42. Rd2 Rc3 43. Re2+ Kd5 44. Re7 Kc6 45. Rg7 h4 46. f3
g5 47. Nd8+ Kxd6 48. Nf7+ Kd5 49. Nxg5 Bf5 50. Ne4 Rc6 51. Rg5 Ke5 52. Rh5 Kf4
53. Rxh4+ Ke3 54. Ng3 1-0

[Event "Bulgaria tch 2005"]
[Site "Sunny Beach BUL"]
[Date "2005.10.01"]
[Round "6.2"]
[White "Yordanov, Nikolay"]
[Black "Chatalbashev, Boris"]
[Result "0-1"]
[WhiteElo "2146"]
[BlackElo "2499"]
[PlyCount "56"]
[EventDate "2005.09.26"]
[EventType "team"]
[EventRounds "7"]
[EventCountry "BUL"]
[Source "lmi"]
[SourceDate "2005.10.02"]

1. e4 g6 2. d4 Bg7 3. Nf3 d6 4. Be2 Nf6 5. Nc3 O-O 6. O-O Bg4 7. Nd2 Bxe2 8.
Nxe2 c5 9. c3 cxd4 10. cxd4 Nc6 11. f3 Qb6 12. Kh1 Nxd4 13. Nc4 Qa6 14. Qxd4
Rfc8 15. b3 Nd7 16. e5 Bxe5 17. Nxe5 Qxe2 18. Bf4 Rc2 19. Rg1 Nxe5 20. Bh6 Qd3
21. Qf4 Rac8 22. Rad1 Qf5 23. Qd4 Qf6 24. Bc1 Rxa2 25. Rde1 Rcc2 26. Bf4 Ng4
27. Be3 Qxf3 28. Ref1 Rxg2 0-1

[Event "Bulgaria tch 2005"]
[Site "Sunny Beach BUL"]
[Date "2005.10.01"]
[Round "6.2"]
[White "Bojkov, Dejan"]
[Black "Velchev, Hristo"]
[Result "1-0"]
[WhiteElo "2522"]
[BlackElo "2212"]
[PlyCount "91"]
[EventDate "2005.09.26"]
[EventType "team"]
[EventRounds "7"]
[EventCountry "BUL"]
[Source "lmi"]
[SourceDate "2005.10.02"]

1. e4 c5 2. Nf3 d6 3. d4 Nf6 4. Nc3 cxd4 5. Nxd4 a6 6. g3 e5 7. Nde2 Be7 8. Bg2
O-O 9. O-O Nbd7 10. h3 b5 11. g4 b4 12. Nd5 Nxd5 13. exd5 Bg5 14. Ng3 Nc5 15.
a3 Bxc1 16. Rxc1 a5 17. b3 f5 18. gxf5 Bxf5 19. Qd2 Qh4 20. Kh2 Bd7 21. Ra1
Rae8 22. axb4 axb4 23. Ra7 Rf6 24. Rfa1 Ref8 25. Ra8 Bc8 26. Rf1 Bxh3 27. Rxf8+
Kxf8 28. Bxh3 Rh6 29. Rh1 Qxh3+ 30. Kg1 Qd7 31. Rxh6 gxh6 32. Qxb4 Qe7 33. Qb8+
Kf7 34. Qh8 Qg5 35. Qxh7+ Ke8 36. Qf5 Qxf5 37. Nxf5 Ne4 38. Nxh6 Nc3 39. Nf5
Nxd5 40. Nxd6+ Kd7 41. Nc4 Nb4 42. Ne3 Kd6 43. Kf1 Kc5 44. Ke2 Kd4 45. Kd2 Ke4
46. c3 1-0